Flaggen der Länder, die eine Himmelsrichtung im Namen haben - Statistiken

Allgemein
  • Dieses Quiz wurde 47 mal gespielt
  • Das Durchschnittsergebnis liegt bei 6 aus 6
Antwortstatistiken
Bildquiz Antwort % Korrekt
Südafrika
100%
Südkorea
100%
Nordkorea
98%
Nordmazedonien
98%
Südsudan
93%
Osttimor
80%
Keine übereinstimmenden Quizze gefunden
Verteilung der Resultate
Anzahl Personen mit jedem Resultat
Perzentil nach korrekt beantworteten Fragen
Ihre Resultats-Entwicklung
Sie haben dieses Quiz noch nicht gespielt